000 03093cam a22003253a 4500
001 0000670
003 DO-SdBNP
005 20171110085532.0
007 0000670
008 861112 2009 mx ac 000 0 spa d
010 _a
020 _a9789709852394 (obra completa)
020 _a9789709852400 (t. I)
020 _a9789709852417 (t. II)
040 _aBPMSU
_cspa
_dBPMSU
_d
082 _a 612.6
_bE24
245 0 0 _aEducación sexual fisiología y psicología /
_ccoordinación editorial Ramiro Martínez Menéndez ; colaboración Victoria Ortíz Hernández
260 _aTlalnepantla, México :
_bLexus,
_bEdiciones Euroméxico,
_c2009.
300 _av. :
_bil., retrs.
_c28 cm.
505 2 _gvol. I :
_tHistoria de la sexualidad --
_tPrecursores --
_tPedagogía sexual --
_tLa mejor edad para empezar con la educación sexual --
_t¿Cómo aprendo la sexualidad en mi familia? --
_t¿Por qué no somos iguales hombres y mujeres? --
_tLa actividad sexual --
_tAnatomía y fisiología sexual --
_tAparato genital masculino --
_tAutoexámen de los testículos --
_tAparato genital femenino --
_tComportamiento sexual --
_tRespuesta sexual masculina --
_tEyaculación precoz --
_tRespuesta sexual femenina --
_tDiferencias sexuales --
_tDiferencia sexual --
_tLa sexualidad en diferentes edades --
_tCambios en la pubertad --
_tSexualidad en la edad adulta --
_tSexualidad en adultos mayores --
_tSexualidad durante el embarazo --
505 2 _gvol. II :
_tEmbarazo y parto --
_tLa contracepción y el aborto --
_tEl aborto --
_tMétodos anticonceptivos --
_tLa homosexualidad --
_tHomosexualidad masculina --
_tLesbianismo --
_tDiferencias entre las lesbianas y los homosexuales masculinos --
_tDiferencias entre las mujeres homosexuales y las heterosexuales ---
_tEl transexualismo --
_tLas parafilias --
_tFetichismo --
_tTravestimo --
_tExhibicionismo y vouyerismo --
_tSadismo y masoquismo --
_tPaidofilia --
_tOtras paidofilias --
_tBestialismo y zoofilia --
_tNecrofilia --
_tDisfunciones sexuales --
_tDisfunciones sexuales masculinas --
_tDisfunciones sexuales femeninas --
_tEnfermedades de tyransmisión sexual (ETS) --
_tEvolución de las ETS --
_tIncidencia de las ETS --
_tFactores generales que pueden influir en el aumento de las ETS --
_tAbuso sexual --
_tViolación y acoso sexual --
_tMitos sobre sexualidad --
_tEl tamaño del pene --
_tLa estimulación del clítoris --
_tOrgasmo vaginal --
_tMenstruación y acto sexual --
_tEmbarazo y acto sexual --
_tMasturbación y respuesta sexual --
_tEl amor, un elemento escencial en el acto sexual --
_tLos afrodisiacos --
_tLa vida en pareja --
_tAlgunos mitos en la relación de pareja --
_tLos problemas de pareja --
_tLa negociación --
_tPreguntas y respuestas sobre sexualidad --
_tPreguntas generales --
_tPreguntas comunes en la infancia --
_tPreguntas generales en la adolescencia --
600 0 0 _a
_x
650 4 _aEDUCACIÓN SEXUAL
700 1 2 _aMartínez Menéndez, Ramiro
_ecoord.
700 1 2 _aOrtíz Hernández, Victoria
910 _aValidado. Control de calidad MFF
942 _2ddc
_cBK
945 _aInventariado, 2017/MFF
956 _2YLOCKWARD
_310
_8BPMSU
999 _c11367
_d11367